000 00945nam a22002897a 4500
001 BR9801723
003 BR-BrBNA
005 20230928095903.0
007 ta
008 230509b bl.||||| |||| 00| 0 por d
040 _aBR-BrBNA
_bpor
_cBiblioteca Nacional de Agricultura
041 _a(Por)
072 _aL01
_b5212
090 _ 5212 BR9801723
100 1 _aCohen, R.S.
110 1 _aProjeto Novas Fronteiras da Cooperacao para o Desenvolvimento Sustentavel, Brasilia, DF (Brasil)
_98083
245 1 _aLevantamento do complexo produtivo das bacias leiteiras da CRAVIL, COOPERCANOINHAS, COOPERITAIPU e COPERSUL do Estado de Santa catarina
260 3 _aBrasilia, DF (Brasil):
_c1998.
300 _a52 p.
500 _a20 tables; Summary (Por)
650 _aProducao Leiteira
650 _aProdutor
650 _aPropriedade Rural
650 _aCooperativa de Produtores
909 _a202309
_bLucia
_c55
_dLucia Elande
942 _cBK
999 _c59223
_d59223